Effectif de l'Équipe de France de Football en 2025 - Statistiques

Statistiques générales
  • Ce quiz a été pris 386 fois
  • Le résultat moyen est 32 sur 37
Statistiques - réponses
Poste Club Joueur % Correct
Attaquant Real Madrid Kylian Mbappé
97%
Gardien de But Paris Saint-Germain FC Lucas Chevalier
96%
Attaquant Paris Saint-Germain FC Ousmane Dembelé
96%
Défenseur FC Barcelone Jules Koundé
95%
Attaquant Manchester City FC Rayan Cherki
95%
Gardien de But AC Milan Mike Maignan
94%
Attaquant Paris Saint-Germain FC Bradley Barcola
93%
Attaquant Paris Saint-Germain FC Désiré Doué
93%
Défenseur Liverpool FC Ibrahima Konaté
93%
Milieu Juventus FC Khéphren Thuram
93%
Défenseur Paris Saint-Germain FC Lucas Hernandez
93%
Attaquant Inter Milan Marcus Thuram
93%
Attaquant Bayern Munich Michael Olise
93%
Défenseur Al-Hilal FC Théo Hernandez
93%
Milieu Real Madrid Aurélien Tchouaméni
92%
Défenseur Arsenal FC William Saliba
92%
Défenseur Bayern Munich Dayot Upamecano
91%
Milieu Al-Ittihad Club N'golo Kanté
91%
Attaquant Liverpool FC Hugo Ekitiké
90%
Milieu Paris Saint-Germain FC Warren Zaïre-Emery
89%
Défenseur Olympique de Marseille Benjamin Pavard
88%
Gardien de But Stade Rennais FC Brice Samba
88%
Défenseur Aston Villa Lucas Digne
87%
Attaquant Crystal Palace FC Jean-Philippe Mateta
86%
Attaquant AS Monaco Maghnes Akliouche
85%
Attaquant RC Lens Florian Thauvin
84%
Milieu AC Milan Adrien Rabiot
83%
Milieu AS Roma Manu Koné
81%
Défenseur Chelsea FC Malo Gusto
80%
Attaquant Al-Nassr FC Kingsley Coman
78%
Milieu SS Lazio Mattéo Guendouzi
77%
Attaquant Juventus FC Randal Kolo Muani
73%
Défenseur Atlético de Madrid Clément Lenglet
70%
Défenseur OGC Nice Jonathan Clauss
69%
Attaquant AC Milan Christopher Nkunku
63%
Défenseur Juventus FC Pierre Kalulu
62%
Défenseur FC Séville Loïc Badé
55%
Aucun quiz correspondant
Distribution des résultats
% des personnes avec chaque résultat
Percentile par nombre de réponses
Votre historique - résultats
Vous n’avez pas pris ce quiz